New wayleave payment rates agreed (Record no. 65863)
[ view plain ]
| 000 -LEADER | |
|---|---|
| fixed length control field | 00811cam a2200193 4500 |
| 001 - CONTROL NUMBER | |
| control field | WB3704-03 |
| 008 - FIXED-LENGTH DATA ELEMENTS--GENERAL INFORMATION | |
| fixed length control field | 000000n2001 000 0 eng u |
| 035 ## - SYSTEM CONTROL NUMBER | |
| System control number | (Sirsi) u110466 |
| 245 ## - TITLE STATEMENT | |
| Title | New wayleave payment rates agreed |
| 260 ## - PUBLICATION, DISTRIBUTION, ETC. | |
| Date of publication, distribution, etc. | 2001 |
| 490 ## - SERIES STATEMENT | |
| Series statement | Estates and Wayleaves Committee Press Release |
| Volume/sequential designation | 17 January 2001, (1) |
| 520 ## - SUMMARY, ETC. | |
| Summary, etc. | New wayleave payment rates have been agreed to compensate landowners for the presence of the electricity apparatus of public electricity suppliers and the National Grid Company (NGC) in England and Wales on their land. These come into effect on 1 April 2001 until 31 March 2005. Schedule of rates. |
| 590 ## - LOCAL NOTE (RLIN) | |
| Local note | WB |
| 650 ## - SUBJECT ADDED ENTRY--TOPICAL TERM | |
| Topical term or geographic name entry element | WAYLEAVE PAYMENTS |
| 650 ## - SUBJECT ADDED ENTRY--TOPICAL TERM | |
| Topical term or geographic name entry element | ELECTRICAL EQUIPMENT |
| 650 ## - SUBJECT ADDED ENTRY--TOPICAL TERM | |
| Topical term or geographic name entry element | WAYLEAVE RATES |
| 690 ## - LOCAL SUBJECT ADDED ENTRY--TOPICAL TERM (OCLC, RLIN) | |
| Topical term or geographic name as entry element | Boundary disputes |
| 9 (RLIN) | 6221 |
| 942 ## - ADDED ENTRY ELEMENTS (KOHA) | |
| Suppress in OPAC | 0 |
| Withdrawn status | Lost status | Source of classification or shelving scheme | Damaged status | Not for loan | Home library | Current library | Shelving location | Date acquired | Total Checkouts | Full call number | Barcode | Date last seen | Copy number | Price effective from | Koha item type |
|---|---|---|---|---|---|---|---|---|---|---|---|---|---|---|---|
| Dewey Decimal Classification | London | London | News article | 23/01/2001 | WB3704-03 | 110466-1001 | 06/08/2019 | 1 | 06/08/2019 | News article |